[Event "6th EICC"]
[Site "Warsaw POL"]
[Date "2005.06.26"]
[Round "8"]
[White "Skurski,J"]
[Black "Berescu,A"]
[Result "1/2-1/2"]
[WhiteElo "2299"]
[BlackElo "2439"]
[EventDate "2005.06.18"]

1. e4 e6 2. d4 d5 3. Nc3 Nf6 4. e5 Nfd7 5. f4 c5 6. Nf3 Nc6 7. Be3 a6 8.
Qd2 b5 9. dxc5 Bxc5 10. Bxc5 Nxc5 11. Qf2 Qb6 12. Bd3 b4 13. Ne2 a5 14. O-O
Ba6 15. Rfd1 O-O 16. Ned4 Nxd4 17. Nxd4 Na4 18. Rab1 Rfc8 19. Rd2 Rc7 20.
Ne2 Nc5 21. Nd4 a4 22. f5 Nxd3 23. cxd3 exf5 24. Nxf5 Qxf2+ 25. Kxf2 g6 26.
Ne3 d4 27. Nd5 Rc5 28. Nxb4 Rxe5 29. Nc6 Rc5 30. Nxd4 Rd5 31. Nc6 Rxd3 32.
Rxd3 Bxd3 33. Rc1 Re8 34. Nb4 Bf5 35. Re1 Rb8 36. a3 Kg7 37. Re3 Be6 38.
Rc3 Rb5 39. Ke3 Rh5 40. h3 Re5+ 41. Kf2 h6 42. Nd3 Rb5 43. Rc5 Rb3 44. Rc3
Rb6 45. Ke3 g5 46. Kd4 Kf6 47. Nb4 Rd6+ 48. Ke3 Rd1 49. Ke2 Rb1 50. Rc2 Bb3
51. Rd2 Kf5 52. Ke3 Re1+ 53. Kf2 Rc1 54. Ke3 h5 55. Rf2+ Ke6 56. Re2 Rc8
57. Kd4+ Kd6 58. Rf2 Rc4+ 59. Kd3 Ke5 60. Re2+ Kf4 61. Re3 Kf5 62. Re2 Rc8
63. Rf2+ Ke5 64. h4 gxh4 65. Ke3 f5 66. Rf4 Rg8 67. Rxh4 Rxg2 68. Rxh5 Kf6
69. Nc6 Kg6 70. Rh4 Kg5 71. Rb4 Rxb2 72. Ne5 Rc2 73. Nf3+ Kf6 74. Rb6+ Ke7
75. Nd4 Rc5 76. Kf4 Rc4 77. Ke5 Rc5+ 78. Kf4 Bg8 79. Nxf5+ Kf7 80. Rb7+ Ke6
81. Rb6+ Kf7 82. Rb7+ 1/2-1/2

[Event "6th EICC"]
[Site "Warsaw POL"]
[Date "2005.06.26"]
[Round "8"]
[White "Luch,M"]
[Black "Bednarek,S"]
[Result "1-0"]
[WhiteElo "2417"]
[BlackElo "2321"]
[EventDate "2005.06.18"]

1. d4 Nf6 2. c4 c5 3. d5 e6 4. Nc3 exd5 5. cxd5 d6 6. e4 g6 7. h3 Bg7 8.
Nf3 O-O 9. Bd3 Re8 10. O-O c4 11. Bxc4 Nxe4 12. Nxe4 Rxe4 13. Bg5 Bf6 14.
Bd3 Re8 15. Qa4 Nd7 16. Qh4 Bxg5 17. Nxg5 Nf6 18. f4 Re3 19. Nxh7 Kg7 20.
f5 Rxd3 21. fxg6 fxg6 22. Nxf6 Bf5 23. Rxf5 gxf5 24. Qg5+ Kf7 25. Qxf5 Qxf6
26. Qxd3 Qxb2 27. Qh7+ 1-0

[Event "6th EICC"]
[Site "Warsaw POL"]
[Date "2005.06.26"]
[Round "8"]
[White "Erdogdu,M"]
[Black "Kadziolka,B"]
[Result "1/2-1/2"]
[WhiteElo "2414"]
[BlackElo "2311"]
[EventDate "2005.06.18"]

1. e4 c5 2. Nf3 d6 3. d4 cxd4 4. Nxd4 Nf6 5. Nc3 a6 6. Be3 e5 7. Nb3 Be7 8.
f3 Be6 9. Qd2 O-O 10. O-O-O Qc7 11. g4 Rc8 12. g5 Nh5 13. Kb1 Nd7 14. Nd5
Bxd5 15. exd5 Nb6 16. Rg1 a5 17. a3 a4 18. Nc5 Nf4 19. Bxf4 Qxc5 20. Be3
Nc4 21. Bxc4 Qxc4 22. Rg4 Qa6 23. Qd3 b5 24. Re4 f5 25. gxf6 Bxf6 26. Rg1
Rc4 27. Reg4 Rf8 28. Bd2 Qc8 29. Bb4 Rxg4 30. Rxg4 Qd7 31. Bd2 Bd8 32. Bh6
Rf7 33. Bc1 Ba5 34. Qe2 Qb7 35. Qe4 Qd7 36. Qe2 Qb7 37. Qd1 Bb6 38. Re4 Bc5
39. f4 exf4 40. Bxf4 Rf5 41. Bg3 Qxd5 42. Qxd5+ Rxd5 43. c4 bxc4 44. Rxc4
Rd4 45. Rxd4 Bxd4 46. Bxd6 Kf7 47. Kc2 Ke6 48. Bg3 g5 49. b3 axb3+ 50. Kxb3
Kd5 51. Kc2 Ke4 52. a4 Bb6 53. Be1 Bc7 54. h4 g4 55. h5 g3 56. Bxg3 Bxg3
57. Kd2 Kf3 58. a5 h6 59. a6 Bf2 60. Kd1 Be3 61. Ke1 Bc5 62. Kd1 Kf2 63.
Kd2 Be3+ 64. Kd1 Kf1 65. Kc2 Ke1 66. Kc3 Bb6 67. Kc2 Bd4 68. Kc1 Ba7 69.
Kc2 Be3 70. Kc3 Kf2 71. Kc2 1/2-1/2

[Event "6th EICC"]
[Site "Warsaw POL"]
[Date "2005.06.26"]
[Round "8"]
[White "Krysztofiak,M"]
[Black "Bleis,C"]
[Result "1-0"]
[WhiteElo "2401"]
[BlackElo "2258"]
[EventDate "2005.06.18"]

1. d4 f5 2. g3 Nf6 3. Bg2 e6 4. c4 Be7 5. Nf3 O-O 6. O-O d6 7. Nc3 Ne4 8.
Qc2 Nxc3 9. bxc3 Nc6 10. Rb1 Na5 11. Nd2 c6 12. Ba3 c5 13. f4 Rb8 14. e4
Kh8 15. Rfe1 b6 16. Qd3 Bf6 17. e5 dxe5 18. fxe5 Bg5 19. Nb3 Bb7 20. Rbd1
Qe8 21. dxc5 Qa4 22. c6 Qxa3 23. cxb7 Nxb7 24. Bxb7 Rxb7 25. Qd6 Be7 26.
Qc6 Rfb8 27. Re2 Bc5+ 28. Kh1 Re7 29. Rd7 Ree8 30. Qc7 Bf8 31. Qxa7 Rbc8
32. Rxg7 Qxa7 33. Rxa7 Rxc4 34. Rb7 Rxc3 35. Rxb6 Kg7 36. a4 Kf7 37. a5 Bc5
38. Rb7+ Kg6 39. a6 Be3 40. Ra2 Ra8 41. Kg2 Rc6 42. a7 h5 43. Nd2 h4 44.
Nf3 hxg3 45. hxg3 Kh5 46. Kh3 Kg6 47. Ra3 Bf2 48. Ra2 Be3 49. Kg2 Kh5 50.
Ra4 Rb6 51. Rg7 Kh6 52. Re7 Bc5 53. Rc7 Be3 54. Rh4+ Kg6 55. Rhh7 Rg8 56.
a8=Q Rb2+ 57. Kh3 Rxa8 58. Rcg7+ 1-0

[Event "6th EICC"]
[Site "Warsaw POL"]
[Date "2005.06.26"]
[Round "8"]
[White "Kopczynski,M"]
[Black "Olszewski,Mi"]
[Result "0-1"]
[WhiteElo "2150"]
[BlackElo "2387"]
[EventDate "2005.06.18"]

1. e4 e5 2. Nf3 Nc6 3. Bb5 a6 4. Ba4 Nf6 5. O-O Be7 6. d4 exd4 7. Re1 b5 8.
e5 Nxe5 9. Rxe5 d6 10. Re1 bxa4 11. Nxd4 Bd7 12. Qf3 O-O 13. Nc3 Ng4 14.
Nf5 Ne5 15. Nxe7+ Qxe7 16. Qg3 Nf3+ 17. gxf3 Qxe1+ 18. Kg2 Bc6 19. Bh6 Qe5
20. Bf4 Qf5 21. Kh1 Kh8 22. Rg1 Rg8 23. Ne2 Bb7 24. Kg2 g5 25. Bd2 g4 26.
Bc3+ f6 27. Nd4 gxf3+ 28. Kf1 Qd5 0-1

[Event "6th EICC"]
[Site "Warsaw POL"]
[Date "2005.06.26"]
[Round "8"]
[White "Murtez,H"]
[Black "Krzymowski,A"]
[Result "1-0"]
[WhiteElo "2354"]
[BlackElo "2034"]
[EventDate "2005.06.18"]

1. e4 c5 2. Nf3 Nc6 3. d4 cxd4 4. Nxd4 g6 5. Nc3 Bg7 6. Be3 Nf6 7. Bc4 O-O
8. Bb3 d6 9. f3 Bd7 10. Qd2 Rc8 11. g4 Ne5 12. Bh6 Nc4 13. Bxc4 Rxc4 14.
Nde2 Be6 15. h4 d5 16. Bxg7 Kxg7 17. O-O-O Qc7 18. h5 dxe4 19. hxg6 fxg6
20. Qh6+ Kg8 21. g5 exf3 22. gxf6 exf6 23. Nd4 Bg4 24. Nd5 Qg7 25. Qxg7+
Kxg7 26. Ne3 Rxd4 27. Rxd4 f5 28. Nxg4 fxg4 29. Rxg4 h5 30. Rg3 h4 31. Rg4
h3 32. Kd2 Rf5 33. Rg3 g5 34. Rgxh3 Kg6 35. Rh6+ Kg7 36. Rh7+ Kf6 37. Ke3
Rc5 38. c3 Rb5 39. b4 a5 40. a3 axb4 41. axb4 Rd5 42. Kxf3 Rd3+ 43. Ke4 1-0

[Event "6th EICC"]
[Site "Warsaw POL"]
[Date "2005.06.26"]
[Round "8"]
[White "Praszak,M"]
[Black "Swiercz,D"]
[Result "1-0"]
[WhiteElo "2261"]
[BlackElo "2136"]
[EventDate "2005.06.18"]

1. d4 Nf6 2. c4 c5 3. d5 b5 4. cxb5 a6 5. bxa6 g6 6. g3 Bxa6 7. Bg2 d6 8.
Bd2 Bg7 9. Bc3 O-O 10. h4 Nbd7 11. Nh3 Nb6 12. Nf4 h5 13. a4 Qc7 14. O-O
Rfb8 15. Re1 Nbd7 16. b3 Qb6 17. Nd2 Ne5 18. Qc2 Nfg4 19. e3 Bc8 20. Reb1
Bf5 21. Be4 Bxe4 22. Nxe4 Qa6 23. Kg2 Qc8 24. Nd2 Qa6 25. Ra2 Bh6 26. Nf3
Bxf4 27. exf4 Nd3 28. Be1 Nb4 29. Bxb4 Rxb4 30. f5 Kg7 31. fxg6 fxg6 32.
Re1 Qb7 33. Qc3+ Nf6 34. Rae2 Re8 35. Re3 Kh6 36. Re6 Nxd5 37. Qd2+ Kg7 38.
Rxg6+ Kxg6 39. Qg5+ Kf7 40. Qxh5+ Kg7 41. Qxe8 Rg4 42. Kg1 e5 43. Ng5 Nf4
44. Ne6+ Nxe6 45. Qxe6 Rd4 46. h5 Qb4 47. Qg6+ Kh8 48. Qh6+ Kg8 49. Qg5+
Kf7 50. Qf5+ Kg7 51. Re3 e4 52. Qg6+ Kh8 53. h6 Qb7 54. a5 d5 55. a6 Rd1+
56. Kg2 Qa7 57. Rc3 c4 58. bxc4 e3 59. Rxe3 Qd7 60. a7 Ra1 1-0

[Event "6th EICC"]
[Site "Warsaw POL"]
[Date "2005.06.26"]
[Round "8"]
[White "Sliwinski,M"]
[Black "Krasiewicz,R"]
[Result "1-0"]
[WhiteElo "2186"]
[BlackElo "2056"]
[EventDate "2005.06.18"]

1. e4 e6 2. d4 d5 3. Nd2 Nf6 4. e5 Nfd7 5. Bd3 c5 6. c3 Nc6 7. Ne2 cxd4 8.
cxd4 f6 9. Nf4 Nxd4 10. Qh5+ Ke7 11. Ng6+ hxg6 12. exf6+ Nxf6 13. Qxh8 Kf7
14. Qh4 e5 15. Nf3 Nxf3+ 16. gxf3 Bf5 17. Bxf5 gxf5 18. Bg5 Qa5+ 19. Kf1
Rc8 20. Kg2 Rc4 21. Qh8 Qb6 22. b3 Rc2 23. Rhf1 e4 24. Qh3 Rc3 25. Qxf5
Rxf3 26. Qc8 Nh7 27. Qd7+ Kg6 28. Be3 Qf6 29. Qxd5 Qh4 30. Rg1 Nf6 31. Kf1+
Kh7 32. Qg5 Qxh2 33. Ke2 Qd6 34. Rh1+ Kg8 35. Qb5 Rf5 36. Qc4+ Nd5 37. Rac1
b5 38. Qxe4 Re5 39. Qd4 Qe6 40. Rh2 Re4 41. Qxa7 Qg4+ 42. f3 Nf4+ 43. Kd2
Qxf3 44. Rf2 Bb4+ 45. Kc2 Qxe3 46. Qxe3 Rxe3 47. Rxf4 Bd6 48. Rf2 1-0

[Event "6th EICC"]
[Site "Warsaw POL"]
[Date "2005.06.26"]
[Round "8"]
[White "Szewczak,And"]
[Black "Wojcicki,L"]
[Result "0-1"]
[WhiteElo "1995"]
[BlackElo "1833"]
[EventDate "2005.06.18"]

1. e4 c5 2. Nc3 d6 3. f4 Nc6 4. Nf3 g6 5. g3 Bg7 6. Bg2 e5 7. d3 Nge7 8.
Be3 Nd4 9. Nh4 f5 10. O-O O-O 11. Ne2 Nxe2+ 12. Qxe2 exf4 13. Bxf4 Bxb2 14.
Rab1 Bd4+ 15. Kh1 Nc6 16. Qd2 Be5 17. Bh6 Bg7 18. exf5 gxf5 19. Bd5+ Kh8
20. Bxg7+ Kxg7 21. Ng2 h6 22. Nf4 Kh7 23. Ne6 Bxe6 24. Rxb7+ Rf7 25. Rxf7+
Bxf7 26. Bxf7 Qd7 27. Bd5 Re8 28. g4 Ne7 29. Qg2 Nxd5 30. Qxd5 Re5 31. Qf3
fxg4 32. Qf8 Re7 33. Kg1 Qe6 34. c4 Qe3+ 35. Kh1 Qe6 36. a4 a5 37. Kg2 Qe2+
38. Rf2 Qe6 39. Qf4 d5 40. Qf5+ Qxf5 41. Rxf5 dxc4 42. dxc4 Re2+ 43. Kg3
Ra2 44. Rxc5 Rxa4 45. Kxg4 Ra1 46. Kf5 a4 47. Rc7+ Kg8 48. Ke6 a3 49. Kd6
a2 50. Ra7 Rd1+ 51. Kc7 a1=Q 52. Rxa1 Rxa1 53. c5 Rh1 54. c6 Rxh2 55. Kd7
Rd2+ 56. Ke7 h5 57. c7 Rc2 58. Kd7 h4 59. c8=Q+ Rxc8 0-1

[Event "6th EICC"]
[Site "Warsaw POL"]
[Date "2005.06.27"]
[Round "9"]
[White "Volkov,S1"]
[Black "Kornev,Alexei"]
[Result "1-0"]
[WhiteElo "2634"]
[BlackElo "2565"]
[EventDate "2005.06.18"]

1. d4 d5 2. c4 c6 3. Nf3 Nf6 4. e3 a6 5. Nbd2 Bf5 6. Qb3 Qc7 7. Bd3 Bg6 8.
O-O e6 9. Re1 Be7 10. e4 O-O 11. e5 Nfd7 12. Bxg6 hxg6 13. Nf1 Rc8 14. Bg5
Bf8 15. Rac1 dxc4 16. Qxc4 Nb6 17. Qd3 Nd5 18. N3d2 Nd7 19. Qh3 Re8 20. Ng3
N7b6 21. Re4 f6 22. Nf3 Qe7 23. Bd2 g5 24. Rce1 Nc7 25. exf6 gxf6 26. Nxg5
fxg5 27. Rg4 Bg7 28. Rxg5 Rf8 29. Nh5 Ne8 30. Rxe6 Qf7 31. Qg3 Qxe6 32.
Rxg7+ Kh8 33. Rg6 1-0

[Event "6th EICC"]
[Site "Warsaw POL"]
[Date "2005.06.27"]
[Round "9"]
[White "Tiviakov,S"]
[Black "Cao Sang"]
[Result "1-0"]
[WhiteElo "2631"]
[BlackElo "2488"]
[EventDate "2005.06.18"]

1. e4 c5 2. c3 d6 3. d4 Nf6 4. Bd3 g6 5. dxc5 dxc5 6. e5 Nd5 7. Be4 Nc7 8.
Qxd8+ Kxd8 9. Be3 Nd7 10. f4 f6 11. Nd2 Bh6 12. exf6 exf6 13. Kf2 Ne6 14.
g3 f5 15. Bg2 Nf6 16. h3 Bd7 17. Nb3 Ne4+ 18. Bxe4 fxe4 19. Nxc5 Nxc5 20.
Bxc5 Bc6 21. Be3 Kc7 22. Ne2 Rhe8 23. Rhd1 Rad8 24. h4 Bd7 25. Bd4 Bg4 26.
Be5+ Kc8 27. Rxd8+ Rxd8 28. Nd4 Bf8 29. Ke3 Bf5 30. h5 Bc5 31. hxg6 hxg6
32. Rg1 a5 33. b3 a4 34. bxa4 Be6 35. Rg2 Bd5 36. Rh2 Bc6 37. a5 Bxd4+ 38.
Bxd4 Rd5 39. Rh8+ Kd7 40. Rg8 Rxa5 41. Rxg6 Rxa2 42. f5 Ra1 43. Kf4 Rf1+
44. Ke5 Ba4 45. g4 Bc2 46. Rd6+ Ke8 47. Kf6 Rf3 48. Bb6 Rd3 49. Rxd3 exd3
50. Be3 Kf8 51. g5 Kg8 52. g6 b5 53. Kg5 1-0

[Event "6th EICC"]
[Site "Warsaw POL"]
[Date "2005.06.27"]
[Round "9"]
[White "Cheparinov,I"]
[Black "Parligras,M"]
[Result "1/2-1/2"]
[WhiteElo "2621"]
[BlackElo "2560"]
[EventDate "2005.06.18"]

1. e4 c5 2. Nf3 Nc6 3. d4 cxd4 4. Nxd4 Nf6 5. Nc3 e5 6. Ndb5 d6 7. Bg5 a6
8. Na3 b5 9. Nd5 Be7 10. Bxf6 Bxf6 11. c3 O-O 12. Nc2 Rb8 13. Be2 Bg5 14.
Qd3 Be6 15. Rd1 Qd7 16. O-O Ne7 17. Ncb4 a5 18. Nxe7+ Bxe7 19. Nd5 Bd8 20.
a3 Bb6 21. Kh1 b4 22. axb4 axb4 23. cxb4 Bd4 24. Qb3 Bxd5 25. Qxd5 Rxb4 26.
b3 Qb7 27. Bc4 Qxd5 28. Bxd5 g6 29. f4 exf4 30. Rxf4 Kg7 31. g3 f6 32. Rff1
Rc8 33. Rc1 Rxc1 34. Rxc1 Bc5 35. Rd1 Rd4 36. Rxd4 Bxd4 37. Be6 Bc5 38. Kg2
Kf8 39. Kf3 Ke7 40. Bg8 h6 41. g4 g5 42. Ke2 Kd7 43. Kd3 Bg1 44. h3 Kc6 45.
Kc4 Bh2 46. Bf7 Be5 47. b4 Bg3 48. Be8+ Kb6 49. Kd5 Be5 50. Ke6 Kc7 51. Kf7
Kb6 52. Kg6 Bc3 53. b5 Be5 54. Kxh6 Kc5 55. Bc6 Kb6 56. Kh5 1/2-1/2

[Event "6th EICC"]
[Site "Warsaw POL"]
[Date "2005.06.27"]
[Round "9"]
[White "Efimenko,Z"]
[Black "Pantsulaia,L"]
[Result "1/2-1/2"]
[WhiteElo "2620"]
[BlackElo "2496"]
[EventDate "2005.06.18"]

1. e4 c6 2. d4 d5 3. Nc3 dxe4 4. Nxe4 Bf5 5. Ng3 Bg6 6. N1e2 e6 7. Nf4 Bd6
8. c3 Nf6 9. h4 Bxf4 10. Bxf4 h6 11. h5 Bh7 12. Qb3 Qb6 13. Qa3 Nbd7 14.
O-O-O a6 15. Bd6 Rc8 16. Rh4 Nd5 17. c4 N5f6 18. c5 Qd8 19. Bd3 Nd5 20.
Rdh1 Qg5+ 21. Kb1 Bxd3+ 22. Qxd3 f5 23. Ne2 Kf7 24. g3 Qf6 25. Nf4 Rhe8 26.
Ng6 b5 27. Re1 a5 28. f3 a4 29. Rh2 a3 30. b3 b4 31. Rc2 Qg5 32. Rh1 Kg8
33. Ka1 Qf6 34. Re1 Qg5 35. Rh1 Qf6 36. Re1 Qg5 1/2-1/2

[Event "6th EICC"]
[Site "Warsaw POL"]
[Date "2005.06.27"]
[Round "9"]
[White "Wojtaszek,R"]
[Black "Najer,E"]
[Result "0-1"]
[WhiteElo "2569"]
[BlackElo "2615"]
[EventDate "2005.06.18"]

1. d4 d5 2. c4 c6 3. Nf3 Nf6 4. Nc3 dxc4 5. a4 Bf5 6. Ne5 Nbd7 7. Nxc4 Nb6
8. Ne5 a5 9. f3 Nfd7 10. Nxd7 Nxd7 11. e4 Bg6 12. Be3 e6 13. Be2 Bb4 14.
O-O O-O 15. Qb3 Qc7 16. Bf2 Bd6 17. g3 Rae8 18. Rac1 Bb4 19. Na2 Bd6 20.
Kg2 Kh8 21. Rfd1 f5 22. e5 Be7 23. Bc4 Bf7 24. f4 g5 25. d5 exd5 26. Bxd5
Bh5 27. Bf3 Bxf3+ 28. Qxf3 gxf4 29. gxf4 Qc8 30. Kh1 Rg8 31. Qh5 Nf8 32.
Nc3 Ng6 33. Nd5 Bd8 34. Qf3 Qe6 35. Nb6 Bxb6 36. Bxb6 Nh4 37. Qf2 Qb3 38.
Rd7 Re7 39. Rd2 Qxa4 40. Bd4 c5 41. e6+ cxd4 42. Qxh4 Rxe6 43. Rg2 Rxg2 44.
Kxg2 Qd7 45. Rc2 d3 46. Rd2 Qc6+ 0-1

[Event "6th EICC"]
[Site "Warsaw POL"]
[Date "2005.06.27"]
[Round "9"]
[White "Romanishin,O"]
[Black "Sokolov,I"]
[Result "0-1"]
[WhiteElo "2559"]
[BlackElo "2662"]
[EventDate "2005.06.18"]

1. d4 d5 2. c4 c6 3. Nf3 Nf6 4. Nc3 dxc4 5. a4 Bf5 6. Nh4 Bd7 7. e4 e6 8.
g3 Qa5 9. Bg2 b5 10. O-O Be7 11. Be3 b4 12. Nb1 Bc8 13. Nd2 Ba6 14. Re1
Nbd7 15. Bf1 Nb6 16. Nhf3 O-O 17. Ne5 Rac8 18. Bxc4 Nxc4 19. Nexc4 Qd8 20.
Qf3 c5 21. dxc5 Bxc5 22. Rac1 Nd7 23. b3 Bxe3 24. Qxe3 Nc5 25. Nb2 Qe7 26.
Rc2 e5 27. Rec1 Ne6 28. Rxc8 Bxc8 29. Nbc4 f6 30. Na5 Nd4 31. Nf3 Qd8 32.
Nc4 Nxf3+ 33. Qxf3 Be6 34. Qe3 Qd7 35. Na5 h5 36. h4 Qf7 37. Nc6 Bxb3 38.
a5 Kh7 39. Nxb4 Rb8 40. Na6 Rb5 41. Rc7 Qg6 42. Rc5 Rb7 43. Rc1 Bf7 44. Nc5
Rc7 45. Nd3 Rxc1+ 46. Nxc1 Qg4 47. Ne2 a6 48. Qd3 Qc8 49. Nc3 Qc7 50. Nd5
Qxa5 51. Ne7 Qb4 52. Nf5 a5 53. Nd6 Bg6 54. f4 a4 55. f5 Be8 56. Nxe8 Qd4+
57. Qxd4 exd4 58. e5 a3 0-1

[Event "6th EICC"]
[Site "Warsaw POL"]
[Date "2005.06.27"]
[Round "9"]
[White "Postny,E"]
[Black "Jobava,Ba"]
[Result "0-1"]
[WhiteElo "2556"]
[BlackElo "2637"]
[EventDate "2005.06.18"]

1. d4 Nf6 2. c4 e6 3. Nf3 d5 4. g3 Bb4+ 5. Bd2 Be7 6. Bg2 O-O 7. O-O Nbd7
8. cxd5 exd5 9. Nc3 c6 10. Qc2 Re8 11. a3 a5 12. Rfe1 Nb6 13. Ne5 Ng4 14.
Nxg4 Bxg4 15. Bf4 Bh5 16. Rad1 Bf8 17. h3 a4 18. g4 Bg6 19. Qc1 Nc4 20. e4
Qb6 21. Re2 dxe4 22. Nxe4 Na5 23. d5 Nb3 24. Qe3 Nc5 25. Nf6+ gxf6 26. Qxe8
Rxe8 27. Rxe8 Kg7 28. d6 Nd7 29. Rd2 f5 30. g5 f6 31. gxf6+ Kxf6 32. Rc8
Bf7 33. Be3 Qb3 34. Rd8 Qe6 35. Bf4 Qc4 36. Be3 Be6 37. Rd4 Qc2 38. Rd2
Qc1+ 39. Kh2 f4 40. Bd4+ Kf7 41. Rd3 Bxd6 42. Bf3 Ke7 43. Rh8 Bf5 44. Rd1
Qc2 45. Re1+ Be5 46. Kg2 Kd6 47. Re2 Qxe2 48. Bxe2 Bxd4 0-1

[Event "6th EICC"]
[Site "Warsaw POL"]
[Date "2005.06.27"]
[Round "9"]
[White "Sargissian,G"]
[Black "Mastrovasilis,D"]
[Result "1/2-1/2"]
[WhiteElo "2630"]
[BlackElo "2562"]
[EventDate "2005.06.18"]

1. e4 c5 2. Nf3 e6 3. c4 Nc6 4. Nc3 Nf6 5. Be2 a6 6. d4 cxd4 7. Nxd4 Bb4 8.
O-O Qc7 9. Nxc6 dxc6 10. Qc2 O-O 11. Be3 Bxc3 12. bxc3 c5 13. f4 b6 14. e5
Nd7 15. Rad1 Bb7 16. Rd6 Rfd8 17. Rfd1 Nf8 18. Qd3 Rxd6 19. Qxd6 Qc6 20.
Qxc6 Bxc6 21. Rd6 Rc8 22. Kf2 Ng6 23. g4 Kf8 24. Rd2 Ke8 25. Rb2 Rb8 26.
Kg3 Rb7 27. Bf3 Kd7 28. Bxc5 bxc5 29. Rxb7+ Bxb7 30. Bxb7 a5 31. Be4 Nf8
32. f5 h6 33. Kh4 g6 34. Bc2 Ke7 35. f6+ Kd8 36. Kg3 g5 37. Kf3 Nd7 38. Ke4
Kc7 39. Ba4 Kd8 40. Bb5 Kc7 1/2-1/2

[Event "6th EICC"]
[Site "Warsaw POL"]
[Date "2005.06.27"]
[Round "9"]
[White "Balogh,C"]
[Black "Korneev,O"]
[Result "1-0"]
[WhiteElo "2531"]
[BlackElo "2611"]
[EventDate "2005.06.18"]

1. e4 c5 2. Nf3 d6 3. d4 cxd4 4. Nxd4 Nf6 5. Nc3 a6 6. Be3 Nc6 7. Qd2 e6 8.
O-O-O Be7 9. f3 O-O 10. g4 Nxd4 11. Qxd4 Nd7 12. Rg1 b5 13. g5 Ne5 14. Rg3
Rb8 15. Kb1 b4 16. Ne2 a5 17. f4 Nc6 18. Qd2 a4 19. Nd4 Qc7 20. Nxc6 Qxc6
21. Bd4 b3 22. Bf6 bxa2+ 23. Ka1 Bd8 24. Bc3 Bc7 25. Qe2 e5 26. f5 a3 27.
b3 g6 28. Qg4 d5 29. exd5 Qc5 30. Qc4 Qxc4 31. Bxc4 Bxf5 32. d6 Rbd8 33.
Bxe5 Rfe8 34. Rd5 Rxe5 35. Rxe5 Bxd6 36. Rd5 Be4 37. Rxd6 Rxd6 38. Bd3 f5
39. gxf6 Bxd3 40. cxd3 Rxf6 41. Rg2 Rd6 42. Rd2 Kf7 43. Kxa2 Ra6 44. Re2 g5
45. b4 Kf6 46. Re4 Rd6 47. b5 Rxd3 48. b6 Rd8 49. Kxa3 Rb8 50. Rb4 Ra8+ 51.
Kb3 h5 52. Kc4 g4 53. Kb5 Kf5 54. b7 Rb8 55. Kb6 Kg5 56. Ka7 Rg8 57. b8=Q
Rxb8 58. Kxb8 Kh4 59. Rb5 1-0

[Event "6th EICC"]
[Site "Warsaw POL"]
[Date "2005.06.27"]
[Round "9"]
[White "Iordachescu,V"]
[Black "Portisch,L"]
[Result "1-0"]
[WhiteElo "2609"]
[BlackElo "2525"]
[EventDate "2005.06.18"]

1. e4 e5 2. Nf3 Nc6 3. Bb5 a6 4. Ba4 Nf6 5. O-O Be7 6. Re1 b5 7. Bb3 d6 8.
c3 O-O 9. h3 Na5 10. Bc2 c5 11. d4 Qc7 12. Nbd2 cxd4 13. cxd4 Nc6 14. Nb3
a5 15. Be3 a4 16. Nbd2 Bd7 17. a3 Rab8 18. Bd3 Qb7 19. Qe2 Rfc8 20. dxe5
Nxe5 21. Bd4 Nxd3 22. Qxd3 Rd8 23. Bc3 Ne8 24. Nd4 Bf8 25. Nf1 d5 26. e5 b4
27. axb4 Bxb4 28. Ne3 Bf8 29. Ng4 Qb6 30. Re3 Qg6 31. Qe2 a3 32. bxa3 Rb1+
33. Rxb1 Qxb1+ 34. Kh2 h5 35. e6 hxg4 36. exd7 Nd6 37. Qxg4 Qb7 38. Bb4
Qxd7 39. Qxd7 Rxd7 40. Re5 Nb7 41. Re8 Rd8 42. Rxd8 Nxd8 43. h4 Nb7 44.
Bxf8 Kxf8 45. Kg3 Ke7 46. Kf4 Kf6 47. g4 Nd6 48. a4 Nc4 49. Nc6 Ke6 50.
Nd4+ Kf6 51. Nb3 Ke6 52. h5 f6 53. a5 Kd6 54. Kf5 1-0

[Event "6th EICC"]
[Site "Warsaw POL"]
[Date "2005.06.27"]
[Round "9"]
[White "Izoria,Z"]
[Black "Andreikin,D"]
[Result "1/2-1/2"]
[WhiteElo "2602"]
[BlackElo "2495"]
[EventDate "2005.06.18"]

1. d4 Nf6 2. Nf3 e6 3. c4 b6 4. Nc3 Bb7 5. a3 d5 6. Qc2 Be7 7. cxd5 exd5 8.
Bf4 a6 9. e3 c5 10. Be2 O-O 11. O-O Nbd7 12. Rfd1 Rc8 13. dxc5 bxc5 14. Qb3
Qb6 15. Qxb6 Nxb6 16. a4 Rfd8 17. a5 Nbd7 18. Ne5 Nf8 19. Na4 Ne6 20. Bg3
Ne4 21. Nb6 Nxg3 22. hxg3 Rc7 23. Bf3 Bf6 24. Ng4 Bxb2 25. Rab1 Bc3 26.
Nxd5 Bxd5 27. Rxd5 Rxd5 28. Bxd5 h5 1/2-1/2

[Event "6th EICC"]
[Site "Warsaw POL"]
[Date "2005.06.27"]
[Round "9"]
[White "Alekseev,Evgeny"]
[Black "Brkic,A"]
[Result "1/2-1/2"]
[WhiteElo "2597"]
[BlackElo "2477"]
[EventDate "2005.06.18"]

1. d4 Nf6 2. Nf3 g6 3. Bf4 Bg7 4. e3 O-O 5. h3 d6 6. Be2 b6 7. c4 Bb7 8.
Nc3 Nfd7 9. O-O e5 10. Bh2 Nc6 11. Qd2 h6 12. Rad1 f5 13. dxe5 Ndxe5 14.
Nd5 Qd7 15. b4 Qf7 16. b5 Na5 17. Qc2 a6 18. a4 axb5 19. axb5 Kh8 20. e4
Nxf3+ 21. Bxf3 Bxd5 22. cxd5 Nb7 23. exf5 gxf5 24. Bf4 Nc5 25. Rfe1 Rae8
26. g3 Qg6 27. Kg2 Be5 28. Qc4 Bxf4 29. Rxe8 Rxe8 30. Qxf4 Qg5 31. Qc4 Qf6
32. Rd2 Kg7 33. Ra2 Qg6 34. Ra7 Re7 35. Bd1 Qf7 36. Bc2 Re5 37. Qd4 Qxd5+
38. Qxd5 Rxd5 39. Rxc7+ Kf6 40. g4 Ne6 41. Rh7 Nd4 42. Bd3 Kg5 43. Kg3 f4+
44. Kg2 Nxb5 45. Bf5 Nd4 46. h4+ Kxh4 47. Rxh6+ Kg5 48. Rg6+ Kh4 49. Bd7
f3+ 50. Kh2 Rc5 51. Rxd6 Ne2 52. Rxb6 Kg5 53. Bf5 Nd4 54. Kg3 Nxf5+ 55.
gxf5 1/2-1/2

[Event "6th EICC"]
[Site "Warsaw POL"]
[Date "2005.06.27"]
[Round "9"]
[White "Fressinet,L"]
[Black "Halkias,S"]
[Result "1-0"]
[WhiteElo "2638"]
[BlackElo "2549"]
[EventDate "2005.06.18"]

1. e4 e6 2. d4 d5 3. e5 c5 4. c3 Qb6 5. Nf3 Bd7 6. a3 a5 7. c4 cxd4 8. cxd5
exd5 9. Qxd4 Bc5 10. Qd2 Ne7 11. Nc3 a4 12. Bd3 Na6 13. O-O Nc7 14. Qd1 O-O
15. Bc2 Qa6 16. Bg5 Bc6 17. Rc1 Ne6 18. Bxe7 Bxe7 19. Nxd5 Bc5 20. Bxh7+
Kxh7 21. Rxc5 Rfd8 22. Ng5+ Kg8 23. Qh5 Bxd5 24. Qxf7+ Kh8 25. Qh5+ Kg8 26.
Rxd5 Nxg5 27. Rxd8+ Rxd8 28. Qxg5 Qb6 29. Re1 Rf8 30. Qd2 Rd8 31. Qc3 1-0

[Event "6th EICC"]
[Site "Warsaw POL"]
[Date "2005.06.27"]
[Round "9"]
[White "Kritz,L"]
[Black "Aleksandrov,A"]
[Result "0-1"]
[WhiteElo "2549"]
[BlackElo "2635"]
[EventDate "2005.06.18"]

1. e4 e5 2. Nf3 Nc6 3. Bb5 Nf6 4. d3 Bc5 5. Nc3 d6 6. Na4 Bb6 7. c3 O-O 8.
Bg5 Ne7 9. Nxb6 axb6 10. O-O Be6 11. a3 Kh8 12. Qe2 Nd7 13. d4 f6 14. Be3
Ng6 15. Nd2 f5 16. exf5 Bxf5 17. Rae1 exd4 18. cxd4 Nf6 19. Bd3 Qd7 20. Nf3
Bg4 21. Bxg6 hxg6 22. h3 Bh5 23. Kh2 Ra5 24. Rg1 Rf5 25. g4 Nxg4+ 26. hxg4
Rxf3 27. Rg3 Bxg4 28. Qc2 R8f5 29. Reg1 Rh5+ 30. Kg2 Rxg3+ 31. Kxg3 Bf5 32.
Qd1 Rh3+ 33. Kg2 Be4+ 34. Kf1 Qb5+ 35. Ke1 Qxb2 36. Qc1 Qxc1+ 37. Bxc1 Rd3
38. Rg3 Rxd4 39. Rc3 c5 40. Bb2 Kg8 41. Re3 Rc4 42. f3 Rc2 43. Re2 Rxe2+
44. Kxe2 Bc6 45. f4 Kf7 46. Ke3 b5 47. Bc3 d5 48. Be5 Ke6 49. Bxg7 d4+ 50.
Kd3 Kd5 51. Bf6 c4+ 0-1

[Event "6th EICC"]
[Site "Warsaw POL"]
[Date "2005.06.27"]
[Round "9"]
[White "Timofeev,Arty"]
[Black "Shomoev,A"]
[Result "1/2-1/2"]
[WhiteElo "2622"]
[BlackElo "2540"]
[EventDate "2005.06.18"]

1. e4 c5 2. Nf3 d6 3. d4 cxd4 4. Nxd4 Nf6 5. Nc3 a6 6. Be3 e6 7. Be2 Be7 8.
O-O O-O 9. f4 Nc6 10. a4 Qc7 11. Kh1 Re8 12. Qd2 Bd7 13. Nb3 b6 14. Bf3
Rab8 15. g4 Bc8 16. g5 Nd7 17. Bg2 Na5 18. Nxa5 bxa5 19. b3 Bb7 20. Ne2
Rbc8 21. c4 Nc5 22. Bxc5 Qxc5 23. Rad1 Rb8 24. Ng3 Bc6 25. Rf3 Rb6 26. f5
Reb8 27. f6 Bf8 28. fxg7 Bxg7 29. Qf4 Be8 30. Nh5 Qe5 31. Qh4 Rxb3 32. Nf6+
Kf8 33. Rff1 Rb2 34. Nxh7+ Ke7 35. c5 dxc5 36. g6+ f6 37. Nxf6 Bxf6 38.
Qh7+ Bg7 39. Qh4+ Bf6 40. Qh7+ Bg7 41. Qh4+ 1/2-1/2